000 00635nam a22001937a 4500
003 OSt
005 20260210031807.0
008 260210b |||||||| |||| 00| 0 eng d
020 _a971-0307-86-x.
040 _aDWC-Main lib
_cOC
082 _aFil. 268 K21 2007
100 _aCATHOLIC BISHOP'S CONFERENCE ON THE PHILIPPINES
245 _aKatesismo para sa mga Pilipinong Katoliko
_cCatholic Bishop's conference in the Philippines
260 _aManila :
_bCBCP/ECCE,
_cc2007.
300 _axxx, 734 pages ;
_c18 cm.
504 _aIncludes index.
650 _a1. Catholic church-Philippines-Catechisms.
942 _2ddc
_cBK-FIL
_kFil.
_n0
999 _c8324
_d8324